000
00221nam a2200085Ia 4500
008
120527s9999 xx 000 0 und d
100
_a
TALARO, Park.Kathleen
245
_a
Foundations in microbiology 4th edition
942
_c
BK
999
_c
25212
_d
25212